Statistics for Railway stations in Great Britain with less than a 100 passengers in a year

Click here to take the quiz!

General Stats

  • This quiz has been taken 17 times
  • The average score is 3 of 11

Answer Stats

Number of PassengersStation% Correct
32Teesside Airport
43%
26Coombe
36%
22Shippea Hill
36%
92Breich
29%
86Golf Street
29%
68Pilning
29%
60Barry Links
29%
54Reddish South
29%
88Elton and Orston
21%
96Kildonan
7%
88Buckenham
7%

Score Distribution

Percentile by Number Answered

Percent of People with Each Score

Your Score History

You have not taken this quiz